书目信息 |
| 题名: |
摩托车造型设计
|
|
| 作者: | 吴森 主编 | |
| 分册: | ||
| 出版信息: | 北京 人民邮电出版社 1997.02 |
|
| 页数: | 177页 | |
| 开本: | 16开 | |
| 丛书名: | ||
| 单 册: | ||
| 中图分类: | U483 | |
| 科图分类: | ||
| 主题词: | 道路--运输--工具 | |
| 电子资源: | ||
| ISBN: | 7-115-06225-0 | |
| 000 | 00564nam0 2200193 45 | |
| 001 | 0004040955 | |
| 005 | 20000404093023.9 | |
| 010 | @a7-115-06225-0@d19.00元 | |
| 100 | @a20000404d1997 km y0chiy0120 ea | |
| 101 | @achi | |
| 105 | @a z 000yy | |
| 200 | 1 | @a摩托车造型设计@AMo Tuo Che Zao Xing She Ji@f吴森,张安祥主编@FWu Sen,Zhang An Xiang Zhu Bian |
| 210 | @a北京@c人民邮电出版社@d1997.02 | |
| 215 | @a177页@d16开 | |
| 606 | 0 | @a道路@x运输@x工具 |
| 690 | @aU483@v3 | |
| 701 | @a吴森@4主编 | |
| 801 | @aCN@bPftUser@c20000404 | |
| 905 | @f1@b52345@dU483@eW.226 | |
| 摩托车造型设计/吴森,张安祥主编.-北京:人民邮电出版社,1997.02 |
| 177页;16开 |
| ISBN 7-115-06225-0:19.00元 |
| ● |
| 相关链接 |
|
|
|
正题名:摩托车造型设计
索取号:U483/W.226
 
预约/预借
| 序号 | 登录号 | 条形码 | 馆藏地/架位号 | 状态 | 备注 |
| 1 | 52345 | 200523451 | 自科库501/501自科库 87排2列2层/ [索取号:U483/W.226] | 在馆 |